| 000 | 00638nam a2200181 a 4500 | ||
|---|---|---|---|
| 001 | 000045864 | ||
| 005 | 20201002052505.0 | ||
| 008 | 150525s2007 dr ac 000 0 spa d | ||
| 040 |
_aDO-SdBNP _bspa _cBNPHU |
||
| 082 |
_axxxx _bxxxx |
||
| 100 | 1 |
_aSosa Olivo, César _973937 |
|
| 245 | 1 | 0 |
_aTres en versos : _bentre lo romántico, lo sentimental y lo pasional / _cCésar Sosa Olivo, J. William Rijo, Felipe Guzmán. |
| 260 |
_aSanto Domingo : _bImpresora Mella, _c2007. |
||
| 300 |
_a62 p. : _bil. ; _c18 cm. |
||
| 500 | _aIncluye datos biográficos de los autores. | ||
| 700 | 1 | 2 |
_aWilliam Rijo, J. _973938 |
| 700 | 1 | 2 |
_aGuzmán, Felipe _973939 |
| 999 |
_c45353 _d45353 |
||